Tous les drapeaux des pays de l'OTAN - Statistiques

Statistiques générales
  • Ce quiz a été pris 153 fois
  • Le résultat moyen est 31 sur 32
Statistiques - réponses
Par images Réponse % Correct
Allemagne
100%
Belgique
100%
Canada
100%
Espagne
100%
États-Unis
99%
France
99%
Grèce
99%
Italie
99%
Croatie
98%
Danemark
98%
Finlande
98%
Portugal
98%
Royaume-Uni
98%
Suède
98%
Albanie
97%
Norvège
97%
Estonie
96%
Turquie
96%
Pologne
95%
Hongrie
94%
Luxembourg
94%
Macédoine du Nord
94%
Pays-Bas
94%
République Tchèque
94%
Roumanie
94%
Bulgarie
93%
Islande
93%
Slovaquie
92%
Lettonie
88%
Slovénie
88%
Monténégro
84%
Lituanie
83%
Aucun quiz correspondant
Distribution des résultats
% des personnes avec chaque résultat
Percentile par nombre de réponses
Votre historique - résultats
Vous n’avez pas pris ce quiz